00272 a2200109 4500001000700000020000600007040001100013100004000024240004700064245004200111362000900153159335 a  cMagnum aOliveira, Carolina Renno Ribeiro de10aBiografias de personalidades celebreslpor10aBiografias de personalidades celebres0 a1899